|
|
|
|
| LEADER |
00000nbm0a2200000 4500 |
| 001 |
46173 |
| 005 |
20231031024435.0 |
| 035 |
|
|
|a (RuTPU)RU\TPU\book\48095
|
| 090 |
|
|
|a 46173
|
| 100 |
|
|
|a 20021223d1995 k y0rusy50 ca
|
| 101 |
0 |
|
|a rus
|
| 102 |
|
|
|a RU
|
| 105 |
|
|
|a a m 001zy
|
| 200 |
1 |
|
|a Численное моделирование микроволнового излучения мощными электронными пучками в системах с виртуальным катодом
|e диссертация на соискание ученой степени кандидата физико-математических наук
|e Спец.01.04.20
|f М. Ю. Антошкин
|g Томский политехнический университет; науч. рук. В. П. Григорьев
|
| 210 |
|
|
|a Томск
|d 1995
|
| 215 |
|
|
|a 145 л.
|c ил.
|
| 320 |
|
|
|a Библиогр.: с. 139-145 (61назв.).
|
| 610 |
1 |
|
|a ускорительная техника
|
| 610 |
1 |
|
|a физика пучков
|
| 610 |
1 |
|
|a микроволны
|
| 610 |
1 |
|
|a электронные пучки
|
| 610 |
1 |
|
|a диссертации
|
| 675 |
|
|
|a 621.384.6(04)
|v 3
|
| 686 |
|
|
|a 01.04.20
|2 oksvnk
|
| 700 |
|
1 |
|a Антошкин
|b М. Ю.
|g Михаил Юрьевич
|
| 702 |
|
1 |
|a Григорьев
|b В. П.
|4 727
|
| 712 |
0 |
2 |
|a Томский политехнический университет
|2 stltpush
|3 (RuTPU)RU\TPU\col\376
|
| 801 |
|
1 |
|a RU
|b 63413507
|c 20021223
|g PSBO
|
| 801 |
|
2 |
|a RU
|b 63413507
|c 20070419
|g PSBO
|
| 942 |
|
|
|c BK
|